Préfectures de France : Dijon - Statistiques

Statistiques générales
  • Ce quiz a été pris 254 fois
    202 depuis la dernière actualisation
  • Le résultat moyen est 18 sur 32
Statistiques - réponses
Question Réponse % Correct
Quel numéro porte celui-ci ? 21
99%
La ville appartient à l'académie de Dijon
99%
La ville appartient au diocèse de/d' Dijon
99%
De quel département est-ce la préfecture ? Côte d'or
98%
A quelle région administrative appartenait-elle auparavant ? Bourgogne
96%
La ville est l'ancienne capitale du duché de {Bourgogne}
96%
A quelle région administrative appartient la ville depuis 2015 ? Bourgogne-Franche-Comté
96%
Comment se nomment ses habitants ? Dijonnais | Dijonnaises
96%
Spécialités alimentaires {Moutarde} de Dijon
90%
Le journal local est Le {Bien} public
82%
Spécialités alimentaires Crème de {cassis}
76%
Spécialités alimentaires Pain d'{épices}
75%
Quelles sont les sous-préfectures qui en dépendent ? Beaune
68%
La couleur de fond de son blason est le/l' rouge
68%
Spécialités alimentaires Apéritif nommé {Kir}
65%
L'aéroport le plus proche est à Dole
62%
La cathédrale est dédiée à St {Bénigne}
60%
Les communes limitrophes à l'ouest sont Talant
60%
Les communes limitrophes à l'ouest sont Chenôve
55%
Quelles sont les sous-préfectures qui en dépendent ? Montbard
42%
La ville est desservie par l'autoroute A31
39%
La ville est desservie par l'autoroute A39
35%
La ville est surnommée la ville aux {100 clochers}
35%
Ville européenne jumelée avec la ville (10 possible) Cluj-Napoca | Guimaraes | Malines | Mayence | Opole | Prague | Pecs | Reggio d'Emilie | Skopje | York
26%
La ville est desservie par l'autoroute A38
25%
Les communes limitrophes à l'ouest sont Plombières-les-Dijon
16%
Les communes limitrophes à l'ouest sont Corcelles-les-Monts
14%
Ville non européenne jumelée avec la ville (3 possible) Chefchaouen | Dakar | Dallas
13%
La principale gare a été mise en service en 1849
10%
Le ville est desservie par le TGV {Rhin-Rhône}
8%
Le ville est desservie par le TGV {Sud-est}
5%
Le ville est desservie par le TGV {Méditerranée}
4%
Aucun quiz correspondant
Distribution des résultats
% des personnes avec chaque résultat
Percentile par nombre de réponses
Votre historique - résultats
Vous n’avez pas pris ce quiz depuis la dernière actualisation